Catálogo público

Dinámica del conteo fecal de huevos de parásitos internos en becerros lactantes en Chiapas, México/ (Record no. 220695)

MARC details
000 -CABECERA
campo de control de longitud fija 04046nam a2200337 a 4500
003 - IDENTIFICADOR DEL NÚMERO DE CONTROL
campo de control OSt
005 - FECHA Y HORA DE LA ÚLTIMA TRANSACCIÓN
campo de control 20250812141907.0
007 - CAMPO FIJO DE DESCRIPCIÓN FÍSICA--INFORMACIÓN GENERAL
campo de control de longitud fija cr ||||||a|a|a
008 - DATOS DE LONGITUD FIJA--INFORMACIÓN GENERAL
campo de control de longitud fija 250626s2025 mx a|||fom||| 001 0 spa d
040 ## - FUENTE DE LA CATALOGACIÓN
Normas de descripción rda
100 1# - ENTRADA PRINCIPAL--NOMBRE DE PERSONA
Nombre de persona León González, Claudia Yesenia
9 (RLIN) 190547
245 10 - MENCIÓN DE TÍTULO
Título Dinámica del conteo fecal de huevos de parásitos internos en becerros lactantes en Chiapas, México/
Mención de responsabilidad, etc. por Claudia Yesenia León González; director de tesis Roberto González Garduño; secretario María Eugenia López Arellano; vocal Génesis Andrea Bautista García; suplente Carmen Córdova Pérez; suplente Ever del Jesús Flores Santiago.
264 #1 - PRODUCCIÓN, PUBLICACIÓN, DISTRIBUCIÓN, FABRICACIÓN Y COPYRIGHT
Producción, publicación, distribución, fabricación y copyright Chapingo, México :
Nombre del de productor, editor, distribuidor, fabricante El autor,
Fecha de producción, publicación, distribución, fabricación o copyright 2024.
300 ## - DESCRIPCIÓN FÍSICA
Extensión 1 recurso en línea (83 páginas):
Otras características físicas cuadros, figuras.
336 ## - TIPO DE CONTENIDO
Fuente rdacontent
Término de tipo de contenido texto
Código de tipo de contenido txt
337 ## - TIPO DE MEDIO
Fuente rdamedia
Nombre/término del tipo de medio computadora
Código del tipo de medio c
338 ## - TIPO DE SOPORTE
Fuente rdacarrier
Nombre/término del tipo de soporte recurso en línea
Código del tipo de soporte cr
502 ## - NOTA DE TESIS
Tipo de título Ingeniero Agrónomo Especialista en Zonas Tropicales
Nombre de la institución que otorga el título Dirección de Centros Regionales Universitarios
Año de obtención del título 2024.
Información miscelánea Licenciatura
504 ## - NOTA DE BIBLIOGRAFÍA, ETC.
Nota de bibliografía, etc. Incluye referencias bibliográficas: páginas 54-74.
520 ## - SUMARIO, ETC.
Sumario, etc. En el trópico de México las enfermedades parasitarias son uno de los principales problemas que enfrenta la ganadería porque causa pérdidas económicas significativas por sus diversos efectos directos e indirectos. Los parásitos gastrointestinales (PGI) afectan negativamente la producción bovina especialmente al ganado menor de dos años y el desarrollo de resistencia natural de los animales es una posibilidad de control de los PGI, por lo que la hipótesis propuesta fue que la inmunidad contra PGI se desarrolla de manera progresiva conforme aumenta la edad, reduciéndose las infecciones parasitarias y por tanto requiriendo menos aplicaciones de antihelmínticos en los animales más grandes. El objetivo del presente estudio fue conocer la dinámica del conteo fecal de huevos (CFH) de PGI en becerros desde el nacimiento hasta los ocho meses de edad. El experimento se realizó en el municipio de Salto de Agua, Chiapas, México. Se evaluaron 28 becerros lactantes durante un periodo de 6 meses; con un grupo desparasitado (n=14) y un grupo testigo (n=14). Se obtuvieron muestras fecales cada 21 días las cuales se procesaron mediante las técnicas de McMaster y sedimentación para obtener el número de huevos por gramo de heces (HPG), se realizaron coprocultivos para obtener larvas de tercer estadio para identificación morfológica de especies y se obtuvieron muestras de sangre para analizar la respuesta hematológica. Los CFH mostraron valores medios de 400 ± 323 HPG, de los cuales el género Cooperia fue el predominante (80%), y en un porcentaje bajo Haemonchus y Trichostrongylus, mientras que Strongyloides fue abundante especialmente durante la estación lluviosa y en becerros menores a cinco meses de edad, y Oesophagostomum se observó en una proporción muy baja (<5%). Hasta los ocho meses de edad, los becerros desparasitados mostraron HPG similares al grupo testigo con reducciones conforme al incremento en edad. La respuesta hematológica no mostro interacciones significativas con respecto al HPG. El antihelmíntico utilizado para controlar los PGI mostro una efectividad por debajo del 95%. En conclusión, se observó una disminución significativa de la población de PGI a medida que aumentaba la edad de los becerros, pero no hubo diferencias significativas entre el grupo desparasitado y no desparasitado por la baja efectividad del antihelmíntico.
650 #4 - PUNTO DE ACCESO ADICIONAL DE MATERIA--TÉRMINO DE MATERIA
Término de materia o nombre geográfico como elemento de entrada Ganado vacuno
Subdivisión general Parásitos
9 (RLIN) 45500
650 #4 - PUNTO DE ACCESO ADICIONAL DE MATERIA--TÉRMINO DE MATERIA
Término de materia o nombre geográfico como elemento de entrada Becerros
Subdivisión general Parásitos
9 (RLIN) 11185
650 #4 - PUNTO DE ACCESO ADICIONAL DE MATERIA--TÉRMINO DE MATERIA
Término de materia o nombre geográfico como elemento de entrada Parásitos Gastroentéricos
9 (RLIN) 144918
700 1# - PUNTO DE ACCESO ADICIONAL--NOMBRE DE PERSONA
Nombre de persona León González, Claudia Yesenia
Término indicativo de función/relación director de tesis.
9 (RLIN) 190547
700 1# - PUNTO DE ACCESO ADICIONAL--NOMBRE DE PERSONA
Nombre de persona López Arellano, María Eugenia
9 (RLIN) 190720
Término indicativo de función/relación secretario.
700 1# - PUNTO DE ACCESO ADICIONAL--NOMBRE DE PERSONA
Nombre de persona Bautista García, Génesis Andrea
9 (RLIN) 190719
Término indicativo de función/relación vocal.
700 1# - PUNTO DE ACCESO ADICIONAL--NOMBRE DE PERSONA
Nombre de persona Cordova Pérez, Carmen
9 (RLIN) 190192
Término indicativo de función/relación suplente.
700 1# - PUNTO DE ACCESO ADICIONAL--NOMBRE DE PERSONA
Nombre de persona Flores Santiago, Ever del Jesús
Término indicativo de función/relación suplente.
9 (RLIN) 41735
856 ## - LOCALIZACIÓN Y ACCESO ELECTRÓNICOS
Identificador Uniforme del Recurso http://10.13.5.2/tesis/tl/1911260-9_LEON-GONZALEZ_CLAUDIAYESENIA.pdf
Nota pública DESCARGAR PDF
942 ## - ELEMENTOS DE PUNTO DE ACCESO ADICIONAL (KOHA)
Fuente del sistema de clasificación o colocación Clasificación Universidad Autónoma Chapingo
Tipo de ítem Koha Tesis digital
Holdings
Estado de retiro Estado de pérdida Fuente del sistema de clasificación o colocación Estado dañado Restricciones de uso No para préstamo Código de colección Localización permanente Ubicación/localización actual Ubicación en estantería Fecha de adquisición Total de préstamos Signatura topográfica completa Fecha visto por última vez Precio válido a partir de Tipo de ítem Koha
    Clasificación Universidad Autónoma de Chapingo   Préstamo interno   Tesis digitales de Licenciatura Biblioteca Digital Biblioteca Digital En línea 26/06/2025   Tesis digital 26/06/2025 26/06/2025 Tesis digital